00666nam a2200217 a 450000100100000000500170001000800410002702000180006810000180008624500400010425000120014426000340015630000110019050000810020150000530028265000220033565000260035765000130038365000300039665000220042600002874420200120222140.0060918s2004 col0 gr0 000 d a958-704-088-00 aMontero, Rosa13aLa loca de la casa /cRosa Montero. a1a. ed. aBogotá :bAlfaguara,c2004. a271 p. aPremio Santillana de Experiencias Educativas 2005. Redescubriendo al Quijote aEj. 1 Biblioteca Mosquera con ISBN 978958894802714aNOVELA ESPAÑOLA14aLITERATURA ESPAÑOLA14aFANTASIA14aSUEÑOS EN LA LITERATURA14aHISTORIAS DE AMOR